| 000 | 00709nam a2200229 a 4500 | ||
|---|---|---|---|
| 001 | 13982 | ||
| 003 | BD-JhCC | ||
| 005 | 20240521083813.0 | ||
| 008 | 170925b2006 bg |||| ||a| 000 0 ben d | ||
| 020 | _a9844042712 | ||
| 035 | _a(BD-JhCC)13982 | ||
| 040 |
_aBD-JhCC _cBD-JhCC _dBD-JhCC |
||
| 041 | _aben | ||
| 082 |
_a330 _bHAN 2006 |
||
| 100 | _a হাননান,ড.মোহাম্মদ | ||
| 245 |
_aকিবরিয়ার অর্থনীতি / _cড.মোহাম্মদ হাননান। |
||
| 260 |
_aঢাকা : _bঅনুপম প্রকাশনী; _c২০০৬. |
||
| 300 |
_a207 p. : _c22 cm. |
||
| 650 | _aEconomics | ||
| 942 |
_2ddc _cBK |
||
| 999 |
_c13982 _d13982 |
||